000 00402nam a2200157Ia 4500
008 240729s9999 xx 000 0 und d
022 _a2296-6870
245 0 _aBiomedicine Hub
260 _aSwitzerland
260 _bKarger Publishers
650 _a Medicine (General)
650 _aMedicine
856 _uhttps://doaj.org/toc/495a76ae45ec4eb9961322c259dea3a3
942 _2ddc
942 _cDOAJEJ
999 _c73789
_d73789
945 _a1
_bMadushi Gamage
_c1
_dMadushi Gamage